| 000 | 01182nam0a2200313 4500 | ||
|---|---|---|---|
| 001 | RU\NLR\bibl\19986 | ||
| 005 | 20250615014624.0 | ||
| 010 |
_a5-7107-2224-3 _910000 |
||
| 021 |
_aRU _b99-6317 _9302 |
||
| 035 | _a(NLR Aleph) 000019479 | ||
| 090 |
_a87472 _c87472 |
||
| 100 | _a19990402d1999 |||y0rusy50 ca | ||
| 101 | 0 | _arus | |
| 102 | _aRU | ||
| 105 | _a||||||||||||| | ||
| 200 | 1 |
_aМатематика _e7 кл. _eРабочая тетр. к учеб. под ред. Г.В.Дорофеева "Математика,7. [Арифметика. Алгебра. Анализ данных]" _f[Минаева С.С., Рослова Л.О.] |
|
| 210 |
_aМ. _cДрофа _d1999 |
||
| 215 |
_a[1],96 с. _cил. _d21 |
||
| 606 | 0 |
_aМатематика _jЗадачники _9922118 _3RU\NLR\auth\6619329 |
|
| 686 | _aВ10я721-4 | ||
| 700 | 1 |
_aМинаева _bС. С. _gСветлана Станиславовна _4070 |
|
| 701 | 1 |
_aРослова _bЛ. О. _gЛариса Олеговна _4070 |
|
| 801 | 0 |
_aRU _bNLR _c19990402 _gPSBO |
|
| 801 | 1 |
_aRU _bNLR _c19990402 |
|
| 830 | _aДо на учеб. не надо | ||
| 852 |
_aNLR _j99-6/84 |
||
| 942 | _cBOOK | ||
| 980 | _aNB | ||